Obecná rentgenologie : určeno pro posl. fak. dětského lék. /

Hlavní autor: Šnobl, Oldřich, 1918-2008
Korporativní autor: Univerzita Karlova
Další autoři: Cholt, Milan, 1933-
Jazyk: Čeština
Vydáno: Praha : SPN, 1973
Vydání: 1. vyd.
Externí odkaz: Digitalizovaný dokument
Fyzický popis: 106 s. : il. ; 4°
Knihy
Uloženo v:
LEADER 01121nam a22003012a 4500
001 000279198
003 CZ BrMZK
005 20161011095828.0
007 ta
008 980105s1973 xr f cze d
015 |a cnb000440551 
035 |a (OCoLC)42165328 
040 |a ABA001  |b cze  |c OSA001  |d ABA001 
080 9 |a 621.386:61(075.8) 
100 1 |a Šnobl, Oldřich,  |d 1918-2008  |7 jk01130668  |4 aut 
245 1 0 |a Obecná rentgenologie :  |b určeno pro posl. fak. dětského lék. /  |c Oldřich Šnobl, Milan Cholt 
250 |a 1. vyd. 
260 |a Praha :  |b SPN,  |c 1973 
300 |a 106 s. :  |b il. ;  |c 4° 
500 |a 500 výt. 
500 |a Vyd. Univ. Karlova v Praze 
500 |a Dostupné též v digitální podobě v aplikaci Kramerius 
700 1 |a Cholt, Milan,  |d 1933-  |7 nlk20030144405  |4 aut 
710 2 |a Univerzita Karlova  |7 kn20010710036 
856 4 1 |u http://www.digitalniknihovna.cz/mzk/uuid/uuid:03f2c4f0-9103-11e6-9325-005056827e52  |y Digitalizovaný dokument  |x NDK 
910 |a BOA001  |b 4-0698.067 
990 |a BK 
996 7 |b 2619879587  |c 4-0698.067  |l MZK  |r Sklad / do 1 hodiny  |n 2  |w 000279198  |u 000010  |a 1  |e BOA001  |j MZK50  |s A